000 01096nam2a22002651 4500
001 RU\NLR\INFOCOMM10\1000266124
005 20250617140601.0
035 _a(NLR Aleph) 002651495
090 _a3874966
_c3874966
100 _a20040707d1964 |||y0rusy50 ca
101 0 _arus
102 _aRU
105 _ay |||||||||
200 1 _aМодернизация труборезных станков мод DXWäs-200
_fА.Т. Кравцов
210 _d1964
_aБ. м.
225 1 _aТема 25
_vВып.38
461 0 _1001RU\NLR\INFOCOMM10\1000264961
_12001#$aПередовой научно-технический и производственный опыт$fГос. Ком. Совета Министров РСФСР по координации науч.-исслед. работ. Гос. Науч.-исслед. ин-т науч. и техн. информации$v1964, №25-64-248
700 1 _aКравцов
_bА.Т.
_4070
801 1 _aRU
_bInfoComm
_c20040707
801 0 _aRU
_bNLR
_gPSBO
852 _aNLR
_jП11/2295
942 _cISSUE
980 _aNB
980 _aRUSPER